| 000 | 00351nam a2200145Ia 4500 | ||
|---|---|---|---|
| 008 | 150201s2005 xx 000 0 und d | ||
| 082 |
_a618.92 _bE05P |
||
| 100 | _aPRAJAPATI, B. | ||
| 245 | _aESSPNTIAL PROCEDURAS IN PEDIATRICS | ||
| 250 | _a1ST | ||
| 260 |
_bJAYPEE BROTHERS _aDELHI _c2005 |
||
| 300 | _a1-320 | ||
| 650 | _aPAEDIATRICS | ||
| 942 |
_2ddc _cBK |
||
| 999 |
_c53 _d53 |
||